000 00494nam a2200169Ia 4500
003 GCL
008 140319s9999 xx 000 0 aSpa d
040 _aGCL /
_cGCL
082 0 4 _a892.76
_bN E
100 1 _aNAGUIB MAHFOUZ
245 1 0 _aLA EPOPEYA DE LAS MISERABLES (SPANISH LANGUAGE) /
_cNAGUIB MAHFOUZ
260 _a[S.N] :
_bTHE AMERICAN UNIVERSITY IN CAIRO PRESS ،
_c1990
300 _a476 P ؛
_c25CM
650 0 4 _aARABIC LITERATURE
650 0 4 _aARABIC FICTION
942 _2ddc
_cBK
999 _c18493
_d18493